LIBRARY & INFORMATION CENTRE, KCAET, TAVANUR

ONLINE PUBLIC ACCESS CATALOGUE (OPAC)

Automobile engines in theory, design, construction, operation and testing / (Record no. 6757)

MARC details
000 -LEADER
fixed length control field 00464cam a2200169ua 4500
041 ## - LANGUAGE CODE
Language code of text/sound track or separate title eng
082 ## - DEWEY DECIMAL CLASSIFICATION NUMBER
Classification number 629.2
Item number JUD/AU
100 ## - MAIN ENTRY--AUTHOR NAME
Personal name Judge, Arthur W .
245 ## - TITLE STATEMENT
Title Automobile engines in theory, design, construction, operation and testing /
250 ## - EDITION STATEMENT
Edition statement 6 /
260 ## - PUBLICATION, DISTRIBUTION, ETC. (IMPRINT)
Place of publication Mumbai :
Name of publisher Asia Publishing House ,
Year of publication 1962.
300 ## - PHYSICAL DESCRIPTION
Number of Pages 474 ; .
500 ## - GENERAL NOTE
General note 2578 Ref
942 ## - ADDED ENTRY ELEMENTS (KOHA)
Koha item type Books
Holdings
Withdrawn status Lost status Damaged status Home library Current library Date acquired Full call number Accession Number Koha item type
      KAUAET KAUAET 07/04/2012 629.2 2578 Books
free website counter